Introduction to intellectual property : theory and practice (Record no. 1418)

000 -LEADER
fixed length control field 00568nam a22001697a 4500
003 - CONTROL NUMBER IDENTIFIER
control field OSt
005 - DATE AND TIME OF LATEST TRANSACTION
control field 20141021092514.0
008 - FIXED-LENGTH DATA ELEMENTS--GENERAL INFORMATION
fixed length control field 141021b xxu||||| |||| 00| 0 eng d
020 ## - INTERNATIONAL STANDARD BOOK NUMBER
International Standard Book Number 9041109382
050 ## - LIBRARY OF CONGRESS CALL NUMBER
Classification number K1401 .I6 2008
245 ## - TITLE STATEMENT
Title Introduction to intellectual property : theory and practice
Statement of responsibility, etc World Intellectual Property Organization.
260 ## - PUBLICATION, DISTRIBUTION, ETC. (IMPRINT)
Place of publication, distribution, etc London
Name of publisher, distributor, etc Kluwer Law Internationa
Date of publication, distribution, etc 2008
300 ## - PHYSICAL DESCRIPTION
Extent xiii, 644 p. ;
Dimensions 24 cm.
504 ## - BIBLIOGRAPHY, ETC. NOTE
Bibliography, etc Includes bibliographical references and index.
650 ## - SUBJECT ADDED ENTRY--TOPICAL TERM
Topical term or geographic name as entry element Intellectual property (International law)
942 ## - ADDED ENTRY ELEMENTS (KOHA)
Source of classification or shelving scheme
Koha item type Book
Holdings
Withdrawn status Lost status Source of classification or shelving scheme Damaged status Not for loan Home library Current library Shelving location Date acquired Total Checkouts Total Renewals Full call number Barcode Date last seen Date checked out Copy number Price effective from Koha item type
          Riara University Library Riara University Library General stack 21/10/2014 9 4 K1401 .I6 2008 5031/14 16/09/2019 15/08/2019 C.1 21/10/2014 Book

Riara University Library,
P.O. Box 49940-00100,
Nairobi, Kenya.